Harry Potter commençant par G par images - Statistiques

Statistiques générales
  • Ce quiz a été pris 370 fois
  • Le résultat moyen est 15 sur 20
Statistiques - réponses
Par images Hint Réponse % Correct
Personnage {Ginny} Weasley
100%
Maison de Poudlard {Gryffondor}
99%
Personnage {George} Weasley
97%
Poste au Quidditch {Gardien}
96%
Lieu {Grande} {salle}
92%
Banque {Gringotts}
90%
Tableau {Grosse} {Dame}
89%
Nom de famille Epoux {Granger}
84%
Personnage {Gilderoy} Lockhart
83%
Personnage {Gregory} {Goyle}
83%
Créature {Gobelin}
78%
Journal {Gazette} {du} {Sorcier}
76%
Personnage Fenrir {Greyback}
66%
Horcruxe Bague des {Gaunt}
60%
Lieu {Godric}'{s} {Hollow}
56%
Lieu 12, Square {Grimmaurd}
52%
Personnage {Gripsec}
52%
Personnage {Gabrielle} Delacour
48%
Personnage {Graup}
48%
Personnage {Garrick} Ollivander
34%
Aucun quiz correspondant
Distribution des résultats
% des personnes avec chaque résultat
Percentile par nombre de réponses
Votre historique - résultats
Vous n’avez pas pris ce quiz